The Roanoke voyages, 1584-1590: Documents to illustrate the english voyages to North America under the patent granted to Walter Raleigh in 1584
Bewaard in:
| Hoofdauteur: | |
|---|---|
| Formaat: | Boek |
| Taal: | Engels |
| Gepubliceerd in: |
Londres
Hakluyt Society
1955
|
| Editie: | 1a. ed |
| Reeks: | Hakluyt Society, Second series, 104, 105
|
| Onderwerpen: | |
| Tags: |
Voeg label toe
Geen labels, Wees de eerste die dit record labelt!
|
MARC
| LEADER | 00000nam a2200000 a 4500 | ||
|---|---|---|---|
| 001 | UCJ5754 | ||
| 003 | CL-VaPUC | ||
| 008 | 070124e19550000UK |||||||||||||||||eng|d | ||
| 082 | 0 | 4 | |a 910.4 |b QUI |2 21 |
| 100 | 0 | |a Quinn, David Beers |e author |9 511195 | |
| 245 | 1 | 4 | |a The Roanoke voyages, 1584-1590: Documents to illustrate the english voyages to North America under the patent granted to Walter Raleigh in 1584 |
| 250 | |a 1a. ed | ||
| 300 | |a 2 v | ||
| 942 | |c BK | ||
| 945 | |d 20070124 00:00:00 |a rinostro | ||
| 260 | |a Londres |b Hakluyt Society |c 1955 | ||
| 500 | |a Mapas e ilustraciones conforme a índices | ||
| 600 | 0 | 7 | |a RALEIGH, WALTER |2 CL-VaPUC |9 443784 |
| 600 | 0 | 7 | |a STAFFORD, EDWARD |2 CL-VaPUC |9 511456 |
| 600 | 0 | 7 | |a COLLINS, ARTHUR |2 CL-VaPUC |9 511457 |
| 600 | 0 | 7 | |a BARLOWE, ARTHUR |2 CL-VaPUC |9 511458 |
| 600 | 0 | 7 | |a WAPULL, GEORGE |2 CL-VaPUC |9 511459 |
| 600 | 0 | 7 | |a PERROT, JOHN |2 CL-VaPUC |9 511460 |
| 600 | 0 | 7 | |a GRENVILLE, RICHARD |2 CL-VaPUC |9 511461 |
| 600 | 0 | 7 | |a WALSINGHAM, FRANCIS |2 CL-VaPUC |9 508013 |
| 600 | 0 | 7 | |a THYNNE, CHARLES |2 CL-VaPUC |9 511462 |
| 650 | 0 | |a Viajes |9 257115 | |
| 650 | 0 | |a Descubrimientos geográficos |9 331933 | |
| 650 | 0 | |a Aborígenes |9 329972 | |
| 650 | 7 | |a INGLESES |2 CL-VaPUC |9 511463 | |
| 650 | 0 | |a Españoles |9 266190 | |
| 650 | 7 | |a DOCUMENTOS |2 CL-VaPUC |9 366450 | |
| 650 | 0 | |a Correspondencia |9 258963 | |
| 650 | 0 | |a Colonización |9 265172 | |
| 650 | 0 | |a Mapas |9 260844 | |
| 650 | 0 | |a Cartografía |9 266055 | |
| 650 | 7 | |a HERALDICA |2 CL-VaPUC |9 388228 | |
| 651 | 7 | |a ESTADOS UNIDOS DE NORTEAMERICA |2 CL-VaPUC |9 316036 | |
| 651 | 7 | |a VIRGINIA |2 CL-VaPUC |9 368654 | |
| 583 | |a last modification |c 20070124 00:00:00 |k Rodrigo Vera | ||
| 490 | 0 | |a Hakluyt Society, Second series, 104, 105 | |
| 999 | |c 321863 |d 321861 | ||
| 952 | |0 0 |1 0 |4 0 |6 910_400000000000000_QUI_1955 |7 0 |8 X |9 400731 |a FDOBUD |b FDOBUD |d 2019-11-22 |h v.1 |i 103913K |o 910.4 QUI 1955 |p 103913K |r 2019-11-22 |w 2019-11-22 |y BK_X |k BUD | ||
| 952 | |0 0 |1 0 |4 0 |6 910_400000000000000_QUI_1955 |7 0 |8 X |9 400732 |a FDOBUD |b FDOBUD |d 2019-11-22 |h v.2 |i 1039148 |o 910.4 QUI 1955 |p 1039148 |r 2019-11-22 |w 2019-11-22 |y BK_X |k BUD | ||